[Event "First Saturday (JUNE-GM)"]
[Site "Budapest"]
[Date "1999.06.05"]
[Round "1"]
[White "Maiwald, J."]
[Black "Seres, L."]
[Result "1/2-1/2"]
[WhiteElo "2465"]
[BlackElo "2420"]
[PlyCount "64"]

1. e4 c5 2. d3 Nc6 3. g3 d5 4. Nd2 Nf6 5. Bg2 g6 6. Ngf3 Bg7 7. O-O O-O 8. Re1
h6 9. a3 Be6 10. Rb1 Qc7 11. exd5 Bxd5 12. c4 Be6 13. b4 Rad8 14. b5 Nd4 15.
Nxd4 Rxd4 16. Nf3 Rdd8 17. Ne5 Bf5 18. Bf4 Qb6 19. Qf3 Bc8 20. Bd2 Nd7 21. Ng4
h5 22. Nh6+ Kh7 23. Nxf7 Kg8 24. Rxe7 Ne5 25. Rxe5 Bxe5 26. Qe4 Rxf7 27. Qxe5
Qd6 28. Qxd6 Rxd6 29. Bd5 Rxd5 30. cxd5 Bf5 31. Re1 Rd7 32. Re5 Bxd3 1/2-1/2

[Event "First Saturday (JUNE-GM)"]
[Site "Budapest"]
[Date "1999.06.05"]
[Round "1"]
[White "Llanos, G."]
[Black "Anastasian, A."]
[Result "0-1"]
[WhiteElo "2435"]
[BlackElo "2525"]
[PlyCount "120"]

1. d4 Nf6 2. c4 e6 3. Nc3 Bb4 4. Qc2 c5 5. dxc5 Bxc5 6. Nf3 a6 7. Bg5 Qc7 8. e3
Be7 9. Be2 d6 10. O-O Nbd7 11. Rac1 h6 12. Bh4 b6 13. Rfd1 Bb7 14. Qb1 O-O 15.
Nd2 Rac8 16. Bg3 Rfd8 17. Nde4 Nxe4 18. Nxe4 Bxe4 19. Qxe4 a5 20. h3 Nc5 21.
Qb1 Bf6 22. b3 Rd7 23. Rd2 Rcd8 24. Qc2 Na6 25. Rcd1 Qc5 26. Qe4 Nb4 27. a3 Nc6
28. Bf3 Ne7 29. a4 g6 30. Qc2 Kg7 31. Be4 Be5 32. Bxe5+ Qxe5 33. Rd4 Nc8 34.
Qb2 Rc7 35. R4d2 Qxb2 36. Rxb2 Kf6 37. Rbd2 Ke7 38. Kf1 g5 39. Ke1 h5 40. Bf3
Rh8 41. Kf1 f5 42. Rd4 g4 43. Be2 Rd7 44. h4 Na7 45. f4 gxf3 46. Bxf3 e5 47.
Rd5 Ke6 48. g3 e4 49. Be2 Rhh7 50. Kg2 Nc8 51. Rb5 Rc7 52. b4 axb4 53. Rxb4 Rc5
54. Kf2 Kf6 55. Rd2 Kg6 56. Rd4 Ra7 57. Bd1 Rc6 58. Rd5 Ne7 59. Rdb5 Ra6 60.
Be2 Ng8 0-1

[Event "First Saturday (JUNE-GM)"]
[Site "Budapest"]
[Date "1999.06.05"]
[Round "1"]
[White "Lorscheid, G."]
[Black "Czebe, A."]
[Result "0-1"]
[WhiteElo "2320"]
[BlackElo "2420"]
[PlyCount "30"]

1. d4 b6 2. e4 Bb7 3. Nc3 e6 4. Nf3 Bb4 5. Bd3 Nf6 6. e5 Ne4 7. O-O Nxc3 8.
bxc3 Bxc3 9. Rb1 Bd5 10. Ng5 Bxd4 11. c4 Bb7 12. Nxh7 Rxh7 13. Bxh7 Qh4 14. Qd3
Nc6 15. Be4 Nxe5 0-1

[Event "First Saturday (JUNE-GM)"]
[Site "Budapest"]
[Date "1999.06.05"]
[Round "1"]
[White "Nguyen Anh, D."]
[Black "Hoffmann, M."]
[Result "1-0"]
[WhiteElo "2485"]
[BlackElo "2405"]
[PlyCount "85"]

1. c4 Nf6 2. Nc3 c5 3. g3 e6 4. Bg2 d5 5. Nf3 dxc4 6. Ne5 Be7 7. O-O O-O 8.
Nxc4 Nbd7 9. d4 cxd4 10. Qxd4 Bc5 11. Qh4 Be7 12. Qd4 Bc5 13. Qd3 Nb6 14. Qxd8
Rxd8 15. Nxb6 Bxb6 16. Bf4 Nd5 17. Nxd5 exd5 18. Rac1 Bg4 19. Rfd1 Bxe2 20.
Rxd5 Ba6 21. h4 Rxd5 22. Bxd5 Rd8 23. Bf3 f6 24. b4 Rd4 25. a4 g5 26. hxg5 fxg5
27. Be5 Rd2 28. b5 Rxf2 29. Bd5+ Kf8 30. Rf1 Rf5+ 31. Kg2 Rxf1 32. Kxf1 Bxb5+
33. axb5 a6 34. bxa6 bxa6 35. g4 Bc5 36. Ke2 Ke7 37. Kf3 a5 38. Ke4 Bd6 39. Bg7
a4 40. Bg8 a3 41. Kf5 Bf4 42. Bf6+ Kf8 43. Bxh7 1-0

[Event "First Saturday (JUNE-GM)"]
[Site "Budapest"]
[Date "1999.06.05"]
[Round "1"]
[White "Hoang T, T(VIE)."]
[Black "Varga, Z(HUN)."]
[Result "1/2-1/2"]
[WhiteElo "2450"]
[BlackElo "2515"]
[PlyCount "30"]

1. d4 d5 2. c4 dxc4 3. Nf3 Nf6 4. e3 e6 5. Bxc4 a6 6. O-O b5 7. Be2 Bb7 8. b3
c5 9. a4 bxa4 10. bxa4 Nc6 11. Bb2 Nb4 12. Nbd2 Rc8 13. Qb1 cxd4 14. Bxd4 Be7
15. Rd1 Qc7 1/2-1/2

[Event "First Saturday (JUNE-GM)"]
[Site "Budapest"]
[Date "1999.06.06"]
[Round "2"]
[White "Czebe, A."]
[Black "Nguyen Anh, D."]
[Result "0-1"]
[WhiteElo "2420"]
[BlackElo "2485"]
[PlyCount "65"]

1. e4 c5 2. Nf3 Nc6 3. Bb5 e6 4. O-O Nge7 5. Re1 a6 6. Bf1 d5 7. exd5 Nxd5 8.
d4 Nf6 9. c3 cxd4 10. cxd4 Be7 11. Nc3 O-O 12. Bg5 b5 13. a4 b4 14. Ne2 Bb7 15.
Nc1 h6 16. Bxf6 Bxf6 17. Nb3 Na5 18. Nxa5 Qxa5 19. Ne5 Rad8 20. Qg4 b3 21. Bc4
Bd5 22. Qe2 Rd6 23. Qe3 Rb8 24. Rec1 Ba8 25. Rc3 Rbd8 26. Bxb3 Rxd4 27. Nxf7
Re4 28. Qa7 Rf8 29. Re3 Bd4 30. Nxh6+ Kh7 31. Qe7 Rxf2 32. Ng4 Rxg4 33. Rg3 0-1

[Event "First Saturday (JUNE-GM)"]
[Site "Budapest"]
[Date "1999.06.06"]
[Round "2"]
[White "Varga, Z."]
[Black "Llanos, G."]
[Result "1-0"]
[WhiteElo "2515"]
[BlackElo "2435"]
[PlyCount "97"]

1. e4 Nf6 2. e5 Nd5 3. d4 d6 4. c4 Nb6 5. exd6 cxd6 6. Nc3 g6 7. Be3 Bg7 8. Rc1
O-O 9. b3 e5 10. dxe5 dxe5 11. Qxd8 Rxd8 12. c5 N6d7 13. Nf3 Nc6 14. Bc4 Na5
15. Be2 b6 16. cxb6 Nxb6 17. Nb5 Bb7 18. O-O Nd5 19. Rfd1 Nc6 20. Rxd5 Rxd5 21.
Nc7 Rdd8 22. Nxa8 Bxa8 23. Bb5 Nd4 24. Nxd4 exd4 25. Bg5 f6 26. Bd2 Bd5 27. Rc7
Rb8 28. Ba6 f5 29. Rxa7 Re8 30. Bb5 Rb8 31. Bd3 h6 32. h4 h5 33. f3 Bf7 34. Kf2
Bf6 35. g3 Rc8 36. b4 Bc4 37. Bxc4+ Rxc4 38. Ke2 Rc2 39. b5 Rb2 40. a4 Be5 41.
f4 Bf6 42. Rb7 Rb3 43. a5 Rxg3 44. a6 d3+ 45. Kf2 Rg4 46. a7 Bd4+ 47. Kf3 Bxa7
48. Rxa7 Rxh4 49. b6 1-0

[Event "First Saturday (JUNE-GM)"]
[Site "Budapest"]
[Date "1999.06.06"]
[Round "2"]
[White "Zontakh, A."]
[Black "Hoang T, T."]
[Result "1-0"]
[WhiteElo "2530"]
[BlackElo "2450"]
[PlyCount "143"]

1. e4 e6 2. d4 d5 3. Nc3 Nf6 4. Bg5 Bb4 5. e5 h6 6. Bd2 Bxc3 7. bxc3 Ne4 8. Qg4
g6 9. Bd3 Nxd2 10. Kxd2 c5 11. h4 Qa5 12. Rh3 cxd4 13. Bxg6 Rf8 14. Rf3 dxc3+
15. Kd1 Qc5 16. Bh5 Nc6 17. Rxf7 Rxf7 18. Qg8+ Qf8 19. Bxf7+ Ke7 20. Qxf8+ Kxf8
21. Bh5 Nxe5 22. Ne2 Bd7 23. Rb1 b6 24. Rb3 Rc8 25. f4 Nc4 26. Rxc3 Ba4 27. Nd4
Ke7 28. Rg3 e5 29. Rg7+ Kd6 30. fxe5+ Kxe5 31. Nf3+ Kd6 32. Rg6+ Kc5 33. Rxh6
Kb4 34. Ke2 Kc3 35. Ne1 d4 36. Bg4 Re8+ 37. Re6 Rg8 38. Bf5 Ne3 39. Be4 Bb5+
40. Kf2 Rf8+ 41. Nf3 Nxc2 42. Bxc2 Kxc2 43. Rd6 d3 44. h5 Bc4 45. h6 b5 46. g4
Bxa2 47. g5 Bg8 48. g6 b4 49. h7 Bxh7 50. gxh7 b3 51. Rc6+ Kd1 52. Ke3 b2 53.
Nd2 Rh8 54. Rc7 a5 55. Kxd3 Rd8+ 56. Ke3 Re8+ 57. Kd3 Rd8+ 58. Kc3 Kc1 59. Nb3+
Kb1 60. Nd2+ Kc1 61. Nb3+ Kb1 62. Nxa5 Ka2 63. Nc4 Rd3+ 64. Kxd3 b1=Q+ 65. Kd4
Qg1+ 66. Ne3 Qh1 67. Nd5 Qh4+ 68. Ke5 Kb3 69. Rb7+ Kc2 70. Nf6 Kd3 71. Rd7+ Ke3
72. Rd8 1-0

[Event "First Saturday (JUNE-GM)"]
[Site "Budapest"]
[Date "1999.06.06"]
[Round "2"]
[White "Hoffmann, M."]
[Black "Maiwald, J."]
[Result "1/2-1/2"]
[WhiteElo "2405"]
[BlackElo "2465"]
[PlyCount "159"]

1. Nf3 Nf6 2. g3 g6 3. b4 Bg7 4. Bb2 O-O 5. Bg2 Na6 6. a3 c5 7. c3 d5 8. O-O
Bf5 9. d3 Qc7 10. Nbd2 Rfd8 11. Qb1 Rac8 12. Re1 h6 13. h3 b6 14. e4 dxe4 15.
dxe4 Be6 16. e5 Nh7 17. b5 Nb8 18. c4 Nd7 19. Bc3 Ndf8 20. a4 Rd7 21. a5 Rcd8
22. Qb2 Ng5 23. Nxg5 hxg5 24. g4 Rd3 25. Bf1 R3d7 26. Nf3 Nh7 27. Qc1 Qb8 28.
Qe3 Bh6 29. Be2 Qb7 30. Ra4 Kf8 31. Rea1 Kg8 32. Ne1 Bg7 33. axb6 axb6 34. Nf3
Bh6 35. Ra6 Kf8 36. Ne1 Kg8 37. R1a4 Bg7 38. Bf3 Qc7 39. Bc6 Rd4 40. Nf3 Rd3
41. Qe4 Rxc3 42. Ra7 Qxa7 43. Rxa7 Rdd3 44. Qe1 Rxf3 45. Bxf3 Rxf3 46. Rb7 Bxc4
47. Rxb6 Rb3 48. Qe4 Rxb5 49. Rxb5 Bxb5 50. Qd5 Bf8 51. e6 Be8 52. exf7+ Bxf7
53. Qxc5 e6 54. Qc7 Kg7 55. Qe5+ Kh6 56. Qc7 Kg7 57. Qe5+ Kg8 58. Qc7 Nf6 59.
Qe5 Nd5 60. Qxg5 Be7 61. Qc1 g5 62. Kf1 Bg6 63. Qd2 Bf6 64. Kg1 Kf7 65. Qa5 Bd3
66. Qa7+ Be7 67. Kh2 Bf1 68. Qb8 Bd3 69. Qa7 Be4 70. Qd4 Bd6+ 71. Kg1 Bg6 72.
Qa7+ Kf6 73. Qd7 Be7 74. Qa4 Bb4 75. Qd7 Be4 76. Qd8+ Be7 77. Qh8+ Kf7 78. Qe5
Bf6 79. Qb8 Bd3 80. Kh2 1/2-1/2

[Event "First Saturday (JUNE-GM)"]
[Site "Budapest"]
[Date "1999.06.07"]
[Round "3"]
[White "Llanos, G."]
[Black "Zontakh, A."]
[Result "0-1"]
[WhiteElo "2435"]
[BlackElo "2530"]
[PlyCount "62"]

1. d4 Nf6 2. c4 e6 3. Nc3 Bb4 4. Qc2 O-O 5. a3 Bxc3+ 6. Qxc3 b6 7. Bg5 Bb7 8.
f3 h6 9. Bh4 d5 10. cxd5 exd5 11. e3 Re8 12. Be2 Qe7 13. Bf2 c5 14. Kf1 Nc6 15.
Re1 Rac8 16. Qd2 Na5 17. dxc5 Qxc5 18. Bd3 Nc4 19. Qe2 Nxe3+ 20. Bxe3 d4 21.
Bd2 Rxe2 22. Nxe2 Nd7 23. Rc1 Qd6 24. Rxc8+ Bxc8 25. Kf2 Ne5 26. Be4 d3 27. Rc1
Bd7 28. Bb4 Qf6 29. Nc3 Qf4 30. Re1 a5 31. g3 Qd2+ 0-1

[Event "First Saturday (JUNE-GM)"]
[Site "Budapest"]
[Date "1999.06.07"]
[Round "3"]
[White "Nguyen Anh, D."]
[Black "Anastasian, A."]
[Result "0-1"]
[WhiteElo "2485"]
[BlackElo "2525"]
[PlyCount "108"]

1. e4 Nf6 2. e5 Nd5 3. d4 d6 4. Nf3 Bg4 5. Be2 e6 6. O-O Nc6 7. c4 Nb6 8. exd6
cxd6 9. d5 exd5 10. cxd5 Bxf3 11. Bxf3 Ne5 12. Be2 Be7 13. Nc3 O-O 14. a4 a5
15. Ra3 Ned7 16. Bb5 Nc5 17. Ne2 Bg5 18. Nf4 Rc8 19. h4 Bh6 20. Qg4 Bxf4 21.
Bxf4 Nxd5 22. Bg5 Nf6 23. Qf3 d5 24. Rd1 Nce4 25. Rad3 Qb6 26. Be3 Qe6 27. Bd4
Rc2 28. Qf4 Rfc8 29. f3 Nh5 30. Qe5 Qxe5 31. Bxe5 Nf2 32. Rxd5 Nxd1 33. Rxd1
Rc1 34. Rxc1 Rxc1+ 35. Kh2 Nf6 36. Bc3 b6 37. Bc6 Rd1 38. g4 Nd5 39. Be5 f6 40.
Bb8 Rd2+ 41. Kg3 Ne7 42. Bb5 Rxb2 43. Bc7 Rxb5 44. axb5 Nd5 45. Bd6 Nc3 46. Bc7
Nxb5 47. Bxb6 a4 48. Be3 a3 49. Bc1 a2 50. Bb2 Na3 51. Kf4 Nc2 52. Ke4 a1=Q 53.
Bxa1 Nxa1 54. Kd4 Nb3+ 0-1

[Event "First Saturday (JUNE-GM)"]
[Site "Budapest"]
[Date "1999.06.07"]
[Round "3"]
[White "Seres, L."]
[Black "Hoffmann, M."]
[Result "0-1"]
[WhiteElo "2420"]
[BlackElo "2405"]
[PlyCount "78"]

1. d4 Nf6 2. c4 e6 3. Nf3 b6 4. g3 Ba6 5. Qa4 c5 6. Bg2 Bb7 7. dxc5 bxc5 8. O-O
Be7 9. Nc3 O-O 10. Rd1 Qb6 11. Bf4 d6 12. Rd2 Nc6 13. Bxd6 Bxd6 14. Rxd6 Qxb2
15. Rb1 Qxc3 16. Rxb7 Nd4 17. Qd1 Rad8 18. Rxd8 Rxd8 19. Nxd4 cxd4 20. Rxa7
Qxc4 21. Bf3 g6 22. Qb1 d3 23. Qb7 Rd7 24. Qb8+ Kg7 25. Ra8 g5 26. exd3 Rxd3
27. Qb7 Rc3 28. h4 gxh4 29. Ra7 Rc1+ 30. Kh2 hxg3+ 31. Kxg3 e5 32. Be2 Qf4+ 33.
Kg2 Ne4 34. Bf3 Ng5 35. Ra3 Rc2 36. Qb1 Qd2 37. Qg1 e4 38. Bh5 Qf4 39. Rg3 Rxa2
0-1

[Event "First Saturday (JUNE-GM)"]
[Site "Budapest"]
[Date "1999.06.07"]
[Round "3"]
[White "Maimald, J."]
[Black "Czebe, A."]
[Result "1/2-1/2"]
[WhiteElo "2465"]
[BlackElo "2420"]
[PlyCount "106"]

1. e4 c5 2. Nf3 Nc6 3. d3 d5 4. Nbd2 Nf6 5. Be2 e5 6. c3 Be7 7. O-O O-O 8. a3
b5 9. Re1 Rb8 10. Bf1 d4 11. c4 a6 12. cxb5 axb5 13. a4 Ba6 14. b3 Bd6 15. axb5
Bxb5 16. Nc4 Ne8 17. g3 Bc7 18. Bh3 g6 19. Bh6 Ng7 20. Ng5 Re8 21. Qg4 Bd6 22.
f4 Be7 23. Rf1 Bxg5 24. Bxg5 f6 25. Bh4 exf4 26. gxf4 Rf8 27. Qg2 Nb4 28. e5
Bc6 29. Rf3 Bxf3 30. Qxf3 Qd5 31. Qe2 fxe5 32. Nxe5 Ra8 33. Rxa8 Rxa8 34. Ng4
Qxb3 35. Nh6+ Kh8 36. Bf6 Ra1+ 37. Bf1 Rxf1+ 38. Qxf1 Qxd3 39. Qa1 Qe3+ 40. Kg2
Qe4+ 41. Kg1 Qe3+ 42. Kg2 Qe2+ 43. Kg3 Qa6 44. Qxa6 Nxa6 45. Kf3 Nb8 46. Be7
Ne8 47. Bxc5 Nc6 48. Nf7+ Kg7 49. Ne5 Nxe5+ 50. fxe5 d3 51. Ke3 Kf7 52. Kxd3
Ke6 53. Ke4 Ng7 1/2-1/2

[Event "First Saturday (JUNE-GM)"]
[Site "Budapest"]
[Date "1999.06.07"]
[Round "3"]
[White "Lorscheid, G."]
[Black "Varga, Z."]
[Result "0-1"]
[WhiteElo "2320"]
[BlackElo "2515"]
[PlyCount "94"]

1. d4 Nf6 2. c4 g6 3. Nc3 Bg7 4. e4 O-O 5. Be2 c6 6. e5 Ne8 7. Nf3 d6 8. O-O
dxe5 9. dxe5 Qxd1 10. Rxd1 Nc7 11. Bf4 Ne6 12. Bg3 Nd7 13. b4 g5 14. h3 Nf4 15.
Nxg5 Nxe2+ 16. Nxe2 Nxe5 17. Rac1 Bf5 18. Bxe5 Bxe5 19. g4 Bg6 20. Rd7 Rfd8 21.
Rcd1 Bd6 22. Rxd8+ Rxd8 23. Kg2 Kf8 24. Nf4 Rb8 25. Nxg6+ hxg6 26. b5 cxb5 27.
cxb5 Rc8 28. Ne4 Be5 29. Rd5 f6 30. Rc5 Rd8 31. Rc4 Kf7 32. a4 b6 33. Ng3 Rd3
34. Nf1 Bd4 35. Ne3 Bc5 36. Kf3 Ra3 37. h4 e5 38. h5 gxh5 39. gxh5 f5 40. Ke2
Ra2+ 41. Ke1 Kf6 42. Rh4 f4 43. Ng4+ Kg5 44. h6 Bb4+ 45. Kf1 f3 46. Kg1 Ra1+
47. Kh2 Bd6 0-1

[Event "First Saturday (JUNE-GM)"]
[Site "Budapest"]
[Date "1999.06.08"]
[Round "4"]
[White "Zontakh, A."]
[Black "Lorscheid, G."]
[Result "1-0"]
[WhiteElo "2530"]
[BlackElo "2320"]
[PlyCount "51"]

1. e4 d6 2. d4 Nf6 3. Bd3 e5 4. d5 Be7 5. c4 O-O 6. Nc3 c6 7. Nge2 Na6 8. O-O
Bd7 9. Ng3 g6 10. Bh6 Re8 11. h3 cxd5 12. cxd5 Nc5 13. Bc2 a5 14. a3 Qc7 15.
Qd2 Rec8 16. f4 Qb6 17. Kh2 exf4 18. Bxf4 Ne8 19. e5 dxe5 20. Bxe5 Bd6 21. Rae1
Bxe5 22. Rxe5 Nf6 23. Qg5 Ra6 24. Re3 Qd8 25. Kh1 Be8 26. Nf5 1-0

[Event "First Saturday (JUNE-GM)"]
[Site "Budapest"]
[Date "1999.06.08"]
[Round "4"]
[White "Czebe, A."]
[Black "Seres, L."]
[Result "1/2-1/2"]
[WhiteElo "2420"]
[BlackElo "2420"]
[PlyCount "81"]

1. e4 c5 2. Nf3 Nc6 3. d4 cxd4 4. Nxd4 Nf6 5. Nc3 d6 6. Be2 g6 7. O-O Bg7 8.
Nb3 O-O 9. Kh1 a6 10. f4 b5 11. a3 Bb7 12. Qe1 Rc8 13. Be3 Na5 14. Nxa5 Qxa5
15. Bd3 Rfe8 16. Bd2 Qc7 17. Qh4 d5 18. e5 Ne4 19. Qe1 f6 20. Nxe4 dxe4 21.
Bxe4 Bxe4 22. Qxe4 Qxc2 23. Qxc2 Rxc2 24. Bc3 fxe5 25. fxe5 Rf8 26. Kg1 Rxf1+
27. Kxf1 Kf7 28. Rd1 Ke6 29. Rd4 Bh6 30. Rh4 Bd2 31. Bxd2 Rxd2 32. Rxh7 Rxb2
33. Rg7 a5 34. Rxg6+ Kxe5 35. h4 a4 36. Kg1 Kf5 37. Rg5+ Kf6 38. Rc5 e5 39.
Rc6+ Kf5 40. h5 b4 41. axb4 1/2-1/2

[Event "First Saturday (JUNE-GM)"]
[Site "Budapest"]
[Date "1999.06.08"]
[Round "4"]
[White "Anastasian, A."]
[Black "Maiwald, J."]
[Result "0-1"]
[WhiteElo "2525"]
[BlackElo "2465"]
[PlyCount "68"]

1. d4 g6 2. c4 Bg7 3. Nc3 c5 4. d5 Bxc3+ 5. bxc3 f5 6. g4 fxg4 7. e4 d6 8. h3
Nf6 9. hxg4 Bxg4 10. f3 Bh5 11. Nh3 Qa5 12. Ng5 Qxc3+ 13. Bd2 Qe5 14. Rh3 O-O
15. Qb1 Nxe4 16. Nxe4 Bxf3 17. Bd3 Nd7 18. Bc3 Qf4 19. Rxf3 Qxf3 20. Qd1 Qf4
21. Qe2 Ne5 22. Kd1 Nxd3 23. Qxd3 Qg4+ 24. Kc2 Rf3 25. Qe2 Raf8 26. Re1 R3f4
27. Nd2 Qxe2 28. Rxe2 R8f7 29. Rg2 Rh4 30. Rg3 Rff4 31. Kd3 Rhg4 32. Rh3 h5 33.
a4 h4 34. Ke2 Rg3 0-1

[Event "First Saturday (JUNE-GM)"]
[Site "Budapest"]
[Date "1999.06.08"]
[Round "4"]
[White "Hoang T, T."]
[Black "Llanos, G."]
[Result "0-1"]
[WhiteElo "2450"]
[BlackElo "2435"]
[PlyCount "120"]

1. d4 f5 2. Nc3 Nf6 3. Bg5 d5 4. Qd2 e6 5. f3 Be7 6. O-O-O h6 7. Bh4 g5 8. Bf2
c6 9. e4 dxe4 10. fxe4 fxe4 11. Qe2 Qa5 12. Kb1 Qf5 13. g3 Bb4 14. Be1 Bxc3 15.
Bxc3 b6 16. Bg2 Ba6 17. Qe1 Nbd7 18. Nh3 O-O 19. Bb4 Rf7 20. Nf2 e3 21. Qxe3
Nd5 22. Bxd5 exd5 23. Nd3 Bxd3 24. Rxd3 Nf6 25. h4 Ng4 26. Qd2 Nf2 27. g4 Qxg4
28. Re1 Nxd3 29. Qxd3 Qf5 30. Qe3 a5 31. Bd2 Rg7 32. hxg5 hxg5 33. a3 Rf8 34.
Qc3 Qg6 35. Qg3 a4 36. Bb4 Re8 37. Rf1 Rf7 38. Rg1 c5 39. dxc5 Re2 40. Ka2 bxc5
41. Bxc5 Rf5 42. Rh1 d4 43. Bxd4 Qf7+ 44. Ka1 Rf1+ 45. Rxf1 Qxf1+ 46. Ka2 Qf7+
47. Ka1 Qf4 48. Qd3 Qc1+ 49. Ka2 Qxc2 50. Qb5 Qb3+ 51. Qxb3+ axb3+ 52. Kxb3 g4
53. a4 Kf7 54. Kc4 g3 55. Kb5 g2 56. b4 Re5+ 57. Kc6 Re4 58. Bf2 Rc4+ 59. Kb5
Rc2 60. Be3 Ke6 0-1

[Event "First Saturday (JUNE-GM)"]
[Site "Budapest"]
[Date "1999.06.09"]
[Round "5"]
[White "Hoffmann, M(GER)."]
[Black "Csebe, A(HUN)."]
[Result "1/2-1/2"]
[WhiteElo "2405"]
[BlackElo "2420"]
[PlyCount "63"]

1. e4 c5 2. Nf3 Nc6 3. d4 cxd4 4. Nxd4 Nf6 5. Nc3 e5 6. Ndb5 d6 7. Bg5 a6 8.
Na3 b5 9. Bxf6 gxf6 10. Nd5 f5 11. Bd3 Be6 12. O-O Bxd5 13. exd5 Ne7 14. c3 e4
15. Bc2 Bg7 16. Qh5 Qc8 17. Rad1 Qc5 18. Bb1 b4 19. cxb4 Qxb4 20. Nc2 Qxb2 21.
Ne3 Qf6 22. f3 Qg6 23. Qh3 Rc8 24. fxe4 fxe4 25. Rf4 Rc3 26. Rxe4 Qg5 27. Qf5
Qxf5 28. Nxf5 Be5 29. Ra4 Nxf5 30. Bxf5 O-O 31. Rxa6 Rb8 32. Rc6 1/2-1/2

[Event "First Saturday (JUNE-GM)"]
[Site "Budapest"]
[Date "1999.06.09"]
[Round "5"]
[White "Nguyen Anh, D."]
[Black "Zontakh, A."]
[Result "0-1"]
[WhiteElo "2485"]
[BlackElo "2530"]
[PlyCount "76"]

1. d4 Nf6 2. c4 e6 3. Nf3 b6 4. g3 Ba6 5. b3 Bb7 6. Bg2 Bb4+ 7. Bd2 a5 8. O-O
O-O 9. Nc3 Re8 10. Qc2 h6 11. Rad1 Bxc3 12. Bxc3 Be4 13. Qb2 d5 14. Rfe1 Nbd7
15. Bf1 c6 16. Nd2 Bg6 17. a4 Qb8 18. Qa1 Qc7 19. Bg2 Rad8 20. e4 dxe4 21. Nxe4
Bxe4 22. Bxe4 Nxe4 23. Rxe4 Nf6 24. Re2 Re7 25. Rde1 Ne8 26. f4 Rdd7 27. Re5
Nd6 28. Qb2 Qd8 29. g4 f5 30. Rxe6 Rxe6 31. Rxe6 fxg4 32. Qg2 Re7 33. Qxg4 Qd7
34. d5 cxd5 35. cxd5 Ne4 36. Bd4 Qxd5 37. Rxe7 Qxd4+ 38. Kg2 Qd2+ 0-1

[Event "First Saturday (JUNE-GM)"]
[Site "Budapest"]
[Date "1999.06.09"]
[Round "5"]
[White "Lorscheid, G."]
[Black "Hoang T, T."]
[Result "0-1"]
[WhiteElo "2320"]
[BlackElo "2450"]
[PlyCount "94"]

1. d4 f5 2. g3 g6 3. Bg2 Bg7 4. c3 Nf6 5. Qb3 Nc6 6. Nd2 d5 7. Ndf3 e6 8. Nh3
O-O 9. Bg5 Qe8 10. Bf4 Qe7 11. Ne5 Nd8 12. c4 dxc4 13. Qxc4 c6 14. O-O Nd5 15.
Bg5 Qd6 16. Bxd8 Rxd8 17. Nf3 Bd7 18. e3 Rac8 19. Rac1 b6 20. Nf4 Nxf4 21. gxf4
c5 22. dxc5 Rxc5 23. Qb3 Rb5 24. Rfd1 Qb8 25. Qa3 Bf6 26. Qd6 Qxd6 27. Rxd6 Rc8
28. Rxc8+ Bxc8 29. Rc6 Bb7 30. Rc7 Bxf3 31. Bxf3 Rxb2 32. Rxa7 Bh4 33. Ra3
Bxf2+ 34. Kf1 Kg7 35. Be2 Bg1 36. h3 Kf6 37. Bc4 Bf2 38. Rd3 Ke7 39. a4 h6 40.
Bb5 g5 41. Rd7+ Kf6 42. Rh7 Bxe3 43. Rxh6+ Kf7 44. Bc4 Rf2+ 45. Ke1 Rxf4 46.
Bxe6+ Kg7 47. Rh5 Bd4 0-1

[Event "First Saturday (JUNE-GM)"]
[Site "Budapest"]
[Date "1999.06.09"]
[Round "5"]
[White "Seres, L."]
[Black "Anastasian, A."]
[Result "1/2-1/2"]
[WhiteElo "2420"]
[BlackElo "2525"]
[PlyCount "89"]

1. d4 Nf6 2. c4 e6 3. Nf3 b6 4. g3 Ba6 5. Qa4 c5 6. Bg2 Bb7 7. dxc5 bxc5 8. O-O
Be7 9. Nc3 O-O 10. Rd1 a6 11. Bf4 d6 12. Rd2 Qc7 13. Rad1 Rd8 14. Ng5 Bxg2 15.
Kxg2 Nc6 16. Nge4 Nxe4 17. Nxe4 e5 18. Be3 Bf8 19. Nc3 Rdb8 20. Nd5 Qb7 21. f3
a5 22. Bf2 Ra6 23. Rc1 Qc8 24. Nc3 Rb4 25. Qc2 Rxc4 26. a3 a4 27. Qd3 Na5 28.
Rcd1 Rb6 29. e3 h6 30. Be1 Rb3 31. Rf2 e4 32. fxe4 Qe6 33. Qd5 Qxd5 34. exd5
Nb7 35. Kf3 g6 36. Ne4 Rd4 37. Nf6+ Kh8 38. Rc1 Bg7 39. Bc3 Bxf6 40. Ke2 Bg5
41. Rxf7 Nd8 42. Rf8+ Kg7 43. Rxd8 Bxd8 44. exd4 c4 45. Rc2 1/2-1/2

[Event "First Saturday (JUNE-GM)"]
[Site "Budapest"]
[Date "1999.06.10"]
[Round "6"]
[White "Hoang T, T(VIE)."]
[Black "Nguyen Anh, D(VIE)."]
[Result "1/2-1/2"]
[WhiteElo "2450"]
[BlackElo "2485"]
[PlyCount "24"]
[EventDate "1999.??.??"]

1. d4 d5 2. c4 c6 3. Nf3 Nf6 4. cxd5 cxd5 5. Nc3 Nc6 6. Bf4 Bg4 7. e3 a6 8. Be2
e6 9. O-O Bxf3 10. Bxf3 Bd6 11. Bxd6 Qxd6 12. Rc1 O-O 1/2-1/2

[Event "First Saturday (JUNE-GM)"]
[Site "Budapest"]
[Date "1999.06.10"]
[Round "6"]
[White "Varga, Z(HUN)."]
[Black "Seres, L(HUN)."]
[Result "1/2-1/2"]
[WhiteElo "2515"]
[BlackElo "2425"]
[PlyCount "38"]

1. e4 c5 2. Nf3 Nc6 3. d4 cxd4 4. Nxd4 Nf6 5. Nc3 d6 6. Be2 g6 7. Be3 Bg7 8.
O-O O-O 9. Kh1 d5 10. exd5 Nxd5 11. Nxd5 Nxd4 12. Bxd4 Qxd5 13. Bxg7 Qxd1 14.
Raxd1 Kxg7 15. Bf3 Be6 16. h3 Rac8 17. c4 h6 18. g3 Rfd8 19. Kg2 Kf6 1/2-1/2

[Event "First Saturday (JUNE-GM)"]
[Site "Budapest"]
[Date "1999.06.10"]
[Round "6"]
[White "Zontakh, A(UKR)."]
[Black "Maiwald, J(GER)."]
[Result "1/2-1/2"]
[WhiteElo "2530"]
[BlackElo "2465"]
[PlyCount "78"]

1. Nf3 Nf6 2. c4 g6 3. Nc3 Bg7 4. d4 O-O 5. e4 d6 6. Be2 e5 7. O-O Nc6 8. d5
Ne7 9. b4 Ne8 10. c5 f5 11. Ng5 h6 12. Ne6 Bxe6 13. dxe6 fxe4 14. cxd6 Nxd6 15.
Be3 Kh7 16. Rc1 Nef5 17. Bc5 Re8 18. Bxd6 cxd6 19. Nd5 Rc8 20. Rxc8 Qxc8 21.
Qb1 Nd4 22. Bg4 Qc4 23. Qxe4 Rxe6 24. Re1 Re8 25. h4 Kh8 26. Qxg6 Rf8 27. Ne3
Qc3 28. Rd1 Rf6 29. Qb1 Rf7 30. Qg6 Rf6 31. Qb1 Rf7 32. a4 a6 33. b5 axb5 34.
axb5 b6 35. h5 Rf8 36. Qg6 Rf6 37. Qe8+ Rf8 38. Qd7 Qc5 39. Qe7 Qxb5 1/2-1/2

[Event "First Saturday (JUNE-GM)"]
[Site "Budapest"]
[Date "1999.06.10"]
[Round "6"]
[White "Anastasian, A(ARM)."]
[Black "Hoffmann, M(GER)."]
[Result "1-0"]
[WhiteElo "2525"]
[BlackElo "2405"]
[PlyCount "120"]

1. c4 Nf6 2. d4 g6 3. Nc3 d5 4. Nf3 Bg7 5. Bf4 O-O 6. Rc1 dxc4 7. e4 Bg4 8.
Bxc4 Bxf3 9. gxf3 Nh5 10. Be3 e5 11. dxe5 Bxe5 12. Qxd8 Rxd8 13. O-O Nd7 14.
Ne2 Nb6 15. Bb3 c6 16. Rc2 Rd3 17. f4 Bc7 18. e5 a5 19. Ng3 a4 20. Bc4 Nxc4 21.
Rxc4 Nxg3 22. hxg3 f6 23. exf6 Bd8 24. Rb4 Rd7 25. g4 Bxf6 26. Kg2 b5 27. Rc1
Ra6 28. Kf3 Rd5 29. Ke4 Rd6 30. g5 Bg7 31. f5 gxf5+ 32. Kxf5 Ra8 33. Rc2 Re8
34. b3 axb3 35. axb3 Kf7 36. Rh4 Re5+ 37. Kf4 Kg6 38. Rh6+ Bxh6 39. Kxe5 Bf8
40. f4 Kf7 41. f5 Rd3 42. Ke4 Rxb3 43. Rxc6 Rb4+ 44. Kd5 Rc4 45. Rb6 Rc7 46.
Rxb5 Rd7+ 47. Ke4 Re7+ 48. Kf4 Rd7 49. Rb6 Bd6+ 50. Kf3 Bf8 51. Bf4 Ra7 52.
Rf6+ Kg8 53. Rc6 Kf7 54. Be5 Bg7 55. g6+ hxg6 56. fxg6+ Kg8 57. Rc8+ Bf8 58.
Ke4 Ra4+ 59. Bd4 Rb4 60. Ra8 Rb7 1-0

[Event "First Saturday (JUNE-GM)"]
[Site "Budapest"]
[Date "1999.06.11"]
[Round "7"]
[White "Seres, L(HUN)."]
[Black "Zontakh, A(UKR)."]
[Result "0-1"]
[WhiteElo "2425"]
[BlackElo "2530"]
[PlyCount "77"]

1. d4 d5 2. c4 dxc4 3. e4 Nc6 4. Nf3 Bg4 5. d5 Ne5 6. Bf4 Ng6 7. Bg3 e5 8. Nc3
Nf6 9. h3 Bxf3 10. Qxf3 a6 11. Bxc4 Bc5 12. O-O h5 13. Rac1 h4 14. Bh2 Rh5 15.
a3 Rg5 16. b4 Bd6 17. Rfd1 Nh5 18. Kh1 Kf8 19. Bf1 Kg8 20. Na4 b6 21. Nb2 b5
22. Nd3 Ngf4 23. Nc5 Qc8 24. Rd2 Nf6 25. a4 bxa4 26. Ra2 a5 27. Nxa4 axb4 28.
Nb6 cxb6 29. Rxc8+ Rxc8 30. Qe3 Rc3 31. Qxb6 Nxe4 32. Ra1 Kh7 33. Bg1 Bc5 34.
Qd8 f6 35. d6 Nxd6 36. Re1 b3 37. Qa5 Bd4 38. Qb4 b2 39. Qxd6 0-1